000 00744cab a2200205 4500
001 WB3445-32
008 090401t1998 xxu||||| |||| 00| 0 eng d
035 _a(Sirsi) u89941
041 _aeng
245 _aElectronic signatures
260 _c1998
350 _a0
490 _aFinancial Times
_v25 November 1998, 15(1)
520 _aElectronic signatures will be given legal force under a package of changes to be introduced by the electronic commerce bill. The bill will introduce a system of voluntary licensing for companies providing electronic signatures.
650 _aELECTRONIC COMMERCE BILL
650 _aE-SIGNATURES
690 _aMANAGEMENT-BUSINESS MANAGEMENT-INFORMATION MANAGEMENT
942 _n0
948 _c25/11/1998
999 _c56948
_d56948